Представление документа в формате RUSMARC

ПолеНазваниеЗначение
  Тип записи a
  Библиографический уровень a
001 Контрольный номер RU/CBS_UL/BASE/99a1dff8bbb1405a8af3338343edebd4
005 Дата корректировки 20250507133751.2
100 Данные общей обработки __
a Данные общей обработки 20250507 ||| 0rusy0189 ca
101 Язык документа 0_
a Язык текста rus
102 Страна публикации __
a Страна публикации RU
200 Заглавие и сведения об ответственности 1_
a Заглавие Простите нас, простите, пацаны...
e Сведения, относящиеся к заглавию [о премьере рок-оратории "Чёрный январь. Прощёное воскресенье", посвящённой подвигу героев "Молодой гвардии"]
f Первые сведения об ответственности Е. Кретова
300 Общие примечания __
a Общие примечания 16+
461 Уровень набора _0
1 2000
a Родина
463 Уровень физической единицы _0
1 2000
a № 3
v С. 2-я с. обл. : фот.
1 2101
d 2023
1 001RU/CBS_UL/BASE/7053cac77d2a4ac4ba59b1245707d6fd
606 Тематические рубрики 0_
a Основная рубрика Вокально-симфоническая музыка
610 Ключевые слова 0_
a Ключевые слова вокально-симфоническая музыка
610 Ключевые слова 0_
a Ключевые слова рок-оратории
610 Ключевые слова 0_
a Ключевые слова Чёрный январь. Прощёное воскресенье (рок-оратории)
610 Ключевые слова 0_
a Ключевые слова войны
610 Ключевые слова 0_
a Ключевые слова Великая Отечественная война
610 Ключевые слова 0_
a Ключевые слова молодогвардейцы
610 Ключевые слова 0_
a Ключевые слова подпольные организации
610 Ключевые слова 0_
a Ключевые слова историческая память
610 Ключевые слова 0_
a Ключевые слова Молодая гвардия (подпольные организации)
610 Ключевые слова 0_
a Ключевые слова связь поколений
610 Ключевые слова 0_
a Ключевые слова литература и история
686 Индексы других классификаций __
2 Код системы rubbk
a Классификационный индекс 85.316
700 Автор _1
a Фамилия Кретова
b Имя (инициалы) Е.
801 Источник записи _0
a Страна RU
b Организация МБУК ЦБС г. Ульяновска
c Дата составления 20250507
g Правила каталогизации RCR
801 Источник записи _1
a Страна RU
b Организация МБУК ЦБС г. Ульяновска
c Дата составления 20250507
g Правила каталогизации RCR
901 Тип документа __
t Тип документа b
w Контрольный № источника RU/CBS_UL/BASE/7053cac77d2a4ac4ba59b1245707d6fd
909 Создатель записи __
a Создатель записи lib1